000 00229nam a22000857a 4500
008 161210b xxu||||| |||| 00| 0 eng d
100 _91975
_aNarang.M.etal.
245 _aPhysical and Health Education-XI
260 _aNew Delhi
_bPPC
_c2011
999 _c4776
_d4776